000
00317nam a22001457a 4500
020
_a
81-7130-240-2
082
_a
894.812.3
_b
BAS/N
100
_a
BASHEER
245
_a
ENDUPPUPPAKKORANENDARNNU
260
_a
KOTTAYAM
_b
DC BOOKS
_c
2018
300
_a
128
520
_a
SHORT STOY
650
_a
SHORT STORY
942
_c
BK
999
_c
4192
_d
4192